000 00666nam a22002297a 4500
005 20251108165924.0
008 250721s2000 xx 000 0 ara d
082 1 4 _a331.137056/ندو
100 1 _aشخاترة، حسين
245 1 0 _aالبطالة و الفقر :
_bواقع و تحديات الأردن , المغرب , مصر , تونس , لبنان /
264 1 _aعمان :
_bدار الفارس،
_c2000.
300 _a260ص.
650 1 7 _aالبطالة
650 1 7 _aالفقر
650 1 7 _aالمغرب
650 1 7 _aمصر
650 1 7 _aالأردن
650 1 7 _aتونس
650 1 7 _aلبنان
942 _2ddc
_cBK
999 _c34895
_d34895